01766cam a2200301Ii 45000010014000000080041000140200034000550200034000890200034001230200033001570200030001900240032002200400012002520410008002640820014002722450057002862640030003433000039003734900022004125040067004345050755005016500032012567000021012887000027013097000030013368300023013668560075013899781315850474180706s2009 enkad ob 001 0 eng d a9781315850474q(e-book : PDF) a9781317912781q(e-book: Mobi) a9781317912798q(e-book: ePub) a9781317912804q(e-book: PDF) z9781843117711q(hardback)7 a10.4324/9781315850474 2doi aKObeng0 aeng04a387bF99600aFuture challenges for the port and shipping sector / 1aLondon :bInforma,c2009. a1 online resource (xxi, 174 pages)1 aGrammenos library aIncludes bibliographical references (pages 161-170) and index.0 ach. 1. Maritime traffic and the world economy / Hilde Meersman -- ch. 2. The future of ships and shipbuilding : a look into the crystal ball / Hans Hopman and Ubald Nienhuis -- ch. 3. Future developments in ports / Enrico Musso -- ch. 4. Global economic changes and the future of port authorities / Antonio Estache and Lourdes Trujillo -- ch. 5. The economic fabric of ports / Hilde Meersman, Eddy Van de Voorde and Thierry Vanelslander -- ch. 6. Bottlenecks of efficiency and the development of port business / Rosario Macario and Jose Viega -- ch. 7. Developments and issues in shipping finance / Costas Th. Grammenos -- ch. 8. Scenarios and strategies for the port and shipping sector / Hilde Meersman, Eddy Van de Voorde and Thierry Vanelslander. 0aShippingxEconomic aspects.1 aMeersman, Hilde.1 aVanelslander, Thierry.1 aVoorde, E. van deq(Eddy) 0aGrammenos library.40uhttps://www.taylorfrancis.com/books/9781315850474zClick here to view.